[Event "Bucharest Grand Prix op"]
[Site "Bucharest"]
[Date "2024.03.23"]
[Round "2"]
[White "Fridman, Daniel"]
[Black "Caldarar, Mihai"]
[Result "1-0"]
[WhiteElo "2590"]
[BlackElo "2023"]
[PlyCount "83"]
[EventDate "2024.03.23"]
[EventType "swiss (rapid)"]
[EventRounds "10"]
[EventCountry "ROU"]
[SourceTitle "CBM 219 Extra"]
[Source "ChessBase"]
[SourceDate "2024.05.31"]
[SourceVersion "1"]
[SourceVersionDate "2024.05.31"]
[SourceQuality "1"]

1. Nf3 Nf6 2. c4 e6 3. g3 c5 4. Bg2 Nc6 5. 0-0 Be7 6. d4 d5 7. cxd5 exd5 8. Nc3 h6 9. b3 0-0 10. Bb2 Be6 11. Rc1 cxd4 12. Nxd4 Qd7 13. Nxe6 fxe6 14. Bh3 Bb4 15. e3 Bxc3 16. Bxc3 Qe7 17. Bg2 Rad8 18. Qc2 Rc8 19. Qe2 e5 20. Rfd1 Rfd8 21. Bb2 e4 22. Bh3 Rc7 23. Qc2 Ne8 24. Qc5 Qxc5 25. Rxc5 Nb4 26. Be6+ Kh8 27. Rb5 Nd3 28. Bd4 Rd6 29. Bxd5 a6 30. Bxe4 Nxf2 31. Rf5 Nxe4 32. Rf8+ Kh7 33. Rxe8 Nf6 34. Rb8 Rdd7 35. Rf1 Ne4 36. Rbf8 Ng5 37. Re8 Rc2 38. Kh1 Rxa2 39. h4 Rf7 40. Rxf7 Nxf7 41. Re7 Rf2 42. Kg1 1-0